| 000 | 00922nam a22003017a 4500 | ||
|---|---|---|---|
| 001 | 5472 | ||
| 003 | FISKH | ||
| 005 | 20241210111617.0 | ||
| 008 | 241210b cb ||||| |||| 00| 0 eng d | ||
| 020 | _a0590516590 | ||
| 040 |
_aFISKH _beng _cFISKH _dFISKH |
||
| 050 | _aPZ7.M47826 | ||
| 082 | _a823.914 | ||
| 100 |
_aMcBratney, Sam _d(1943–2020) |
||
| 245 |
_aJust You and Me / _cSam McBratney illustrated by Ivan Bates |
||
| 250 | _aFirst printing in 1998 | ||
| 260 |
_aNew York : _bScholastic, _c1998. |
||
| 300 |
_a25 pages : _bcolor illustrations ; _c27 cm |
||
| 505 | _aG | ||
| 520 | _aAs a storm approaches, Little Goosey and Big Gander Goose join other animals in searching for a place to hide. | ||
| 521 | 8 |
_a380L
_bLexile |
|
| 521 | 8 |
_aG
_bRaz-Plus |
|
| 650 |
_2Animals _aFriendship |
||
| 650 |
_2Storm _aWeather |
||
| 700 |
_aBates, Ivan _dIllustrator |
||
| 942 |
_2ddc _cBK _n0 |
||
| 999 |
_c5472 _d5472 |
||